Statistics for '90s R&B songs

Click here to take the quiz!

General Stats

  • This quiz has been taken 687 times
  • The average score is 11 of 24

Answer Stats

Hint Answer % Correct
I Believe I Can FlyR Kelly
89%
Thong SongSisqo
77%
You Make Me Wanna...Usher
70%
End Of The RoadBoyz 2 Men
69%
PonyGinuwine
65%
Remember The TimeMichael Jackson
64%
This is How We Do ItMontell Jordan
64%
What About Your Friends?TLC
54%
Dream LoverMariah Carey
51%
That's The Way Love GoesJanet Jackson
50%
TwistedKeith Sweat
48%
Ex-FactorLauryn Hill
47%
I Wanna KnowJoe
43%
I Wanna Sex You UpColor Me Badd
42%
I'm Goin' DownMary J. Blige
42%
Free Your MindEn Vogue
39%
At Your Best (You Are Love)Aaliyah
38%
Candy RainSoul 4 Real
38%
Can We Talk?Tevin Campbell
36%
How Deep Is Your Love?Dru Hill
27%
I'm Still In Love With YouNew Edition
20%
It's All About MeMya
19%
(Lay Your Head On My) PillowTony! Toni! Tone!
19%
What Kind Of Man Would I BeMint Condition
17%

Score Distribution

Percentile by Number Answered

Percent of People with Each Score

Your Score History

You have not taken this quiz